| Tag |
First Indicator |
Second Indicator |
Subfields |
| LEADER |
00000nam a2200000 4500 |
| 001 |
in00004222666 |
| 005 |
20200806095844.0 |
| 006 |
m g d |
| 007 |
cr bn |||a|bb| |
| 008 |
910406s1598 enk o 00| | eng d |
| 035 |
|
|
|a (UnM)99841536
|
| 037 |
|
|
|a CL0036000011
|b ProQuest. 789 E. Eisenhower Parkway, Ann Arbor, MI 48108-3218
|
| 040 |
|
|
|a Cu-RivES
|c Cu-RivES
|d CStRLIN
|e dcrb
|d WaOLN
|
| 100 |
1 |
|
|a Greene, Robert,
|d 1558?-1592.
|
| 245 |
0 |
4 |
|a The Scottish historie of Iames the fourth, slaine at Flodden :
|b Entermixed with a pleasant comedie, presented by Oboram King of Fayeries: as it hath bene sundrie times publikely plaide. Written by Robert Greene, Maister of Arts.
|
| 246 |
2 |
|
|a Scottish historie of James the fourth, slaine at Flodden
|
| 246 |
2 |
|
|a Scottish historie of James the fourth, slaine at Flodden.
|
| 246 |
2 |
|
|a James the Fourth.
|
| 260 |
|
|
|a London :
|b Printed by Thomas Creede,
|c 1598.
|
| 300 |
|
|
|a 1 online resource ([78] pages)
|
| 336 |
|
|
|a text
|b txt
|2 rdacontent
|
| 337 |
|
|
|a computer
|b c
|2 rdamedia
|
| 338 |
|
|
|a online resource
|b cr
|2 rdacarrier
|
| 500 |
|
|
|a Not historical; based on the first story of the third decade of: Cintio, Giraldi. Ecatommiti.
|
| 500 |
|
|
|a Signatures: A-K⁴ (-A1).
|
| 500 |
|
|
|a Reproduction of the original in the Henry E. Huntington Library and Art Gallery.
|
| 510 |
4 |
|
|a STC (2nd edition)
|c 12308.
|
| 510 |
3 |
|
|a Greg, I, 149.
|
| 533 |
|
|
|a Electronic reproduction.
|b Ann Arbor, Mich. :
|c UMI,
|d 1999-
|f (Early English books online)
|n Digital version of: (Early English books, 1475-1640 ; 344:22)
|7 s1999 miun s
|
| 600 |
0 |
0 |
|a James
|b IV,
|c King of Scotland,
|d 1473-1513
|v Drama.
|
| 700 |
1 |
|
|a Giraldi, Giambattista Cinzio,
|d 1504-1573.
|t Ecatommiti.
|
| 830 |
|
0 |
|a Early English books online.
|
| 856 |
4 |
0 |
|u http://proxy.library.tamu.edu/login?url=https://search.proquest.com/docview/2240892358
|z Connect to the full text of this electronic book
|t 0
|
| 999 |
f |
f |
|s 75b69a69-39c8-3113-b4ab-db1925705a10
|i e3a7097a-16f6-303e-ac76-9c4e0ba24d24
|t 0
|
| 952 |
f |
f |
|a Texas A&M University
|b College Station
|c Electronic Resources
|d Available Online
|t 0
|h No information provided
|
| 998 |
f |
f |
|t 0
|l Available Online
|